[Event "CECLUB Segunda División"]
[Site "Linares"]
[Date "2017.08.09"]
[Round "3"]
[White "Abal Cores, Lucas"]
[Black "Pallardo Lozoya, Jose Vicente"]
[Result "1/2-1/2"]
[Board "4"]
[WhiteTitle "FM"]
[WhiteElo "2285"]
[WhiteCountry "ESP"]
[WhiteFideId "22217975"]
[WhiteEloChange "3"]
[BlackTitle "FM"]
[BlackElo "2389"]
[BlackCountry "ESP"]
[BlackFideId "2230380"]
[BlackEloChange "-3"]

1. e4 {[%clk 1:30:53]} c6 {[%clk 1:30:50]} 2. d4 {[%clk 1:30:43]} d5 {[%clk
1:31:13]} 3. exd5 {[%clk 1:30:40]} cxd5 {[%clk 1:31:34]} 4. c4 {[%clk 1:30:51]}
Nf6 {[%clk 1:31:40]} 5. Nc3 {[%clk 1:30:19]} g6 {[%clk 1:31:09]} 6. Nf3 {[%clk
1:27:02]} Bg7 {[%clk 1:30:36]} 7. cxd5 {[%clk 1:27:18]} O-O {[%clk 1:26:57]} 8.
Bc4 {[%clk 1:26:06]} Nbd7 {[%clk 1:25:08]} 9. O-O {[%clk 1:25:19]} Nb6 {[%clk
1:23:27]} 10. Bb3 {[%clk 1:24:57]} Nbxd5 {[%clk 1:08:39]} 11. Re1 {[%clk
1:21:47]} b6 {[%clk 0:56:04]} 12. Nxd5 {[%clk 1:11:23]} Nxd5 {[%clk 0:56:09]} 13.
Bg5 {[%clk 1:11:26]} h6 {[%clk 0:38:11]} 14. Bh4 {[%clk 1:05:31]} Bb7 {[%clk
0:36:20]} 15. Qd2 {[%clk 0:55:28]} Nf6 {[%clk 0:20:42]} 16. Bxf6 {[%clk 0:48:20]}
exf6 {[%clk 0:19:13]} 17. d5 {[%clk 0:48:23]} Qd6 {[%clk 0:18:34]} 18. Rad1
{[%clk 0:42:42]} Rfd8 {[%clk 0:18:15]} 19. Qd3 {[%clk 0:31:31]} f5 {[%clk
0:15:35]} 20. Re2 {[%clk 0:29:57]} Re8 {[%clk 0:14:10]} 21. Rde1 {[%clk 0:27:42]}
Rxe2 {[%clk 0:14:17]} 22. Qxe2 {[%clk 0:27:43]} Rd8 {[%clk 0:14:33]} 23. Rd1
{[%clk 0:27:24]} Bf6 {[%clk 0:14:22]} 24. Qd2 {[%clk 0:17:21]} Kg7 {[%clk
0:14:26]} 25. h4 {[%clk 0:17:09]} h5 {[%clk 0:13:47]} 26. g3 {[%clk 0:17:30]} Re8
{[%clk 0:10:19]} 27. Re1 {[%clk 0:12:59]} Rxe1+ {[%clk 0:07:28]} 28. Nxe1 {[%clk
0:13:27]} Qe5 {[%clk 0:07:27]} 29. d6 {[%clk 0:09:13]} Qxb2 {[%clk 0:05:36]} 30.
Qxb2 {[%clk 0:09:33]} Bxb2 {[%clk 0:06:02]} 31. d7 {[%clk 0:09:58]} Bf6 {[%clk
0:06:18]} 32. Nd3 {[%clk 0:10:24]} Kf8 {[%clk 0:05:15]} 33. Nb4 {[%clk 0:06:23]}
a5 {[%clk 0:00:45]} 34. Bd5 {[%clk 0:05:31]} axb4 {[%clk 0:01:07]} 35. Bxb7
{[%clk 0:05:55]} f4 {[%clk 0:01:07]} 36. Kg2 {[%clk 0:05:24]} fxg3 {[%clk
0:01:17]} 37. fxg3 {[%clk 0:05:53]} Ke7 {[%clk 0:01:30]} 38. Bd5 {[%clk 0:06:02]}
g5 {[%clk 0:01:34]} 39. Kh3 {[%clk 0:06:03]} gxh4 {[%clk 0:01:24]} 40. gxh4
{[%clk 0:06:31]} Kxd7 {[%clk 0:01:47]} 41. Bxf7 {[%clk 0:06:54]} Ke7 {[%clk
0:02:14]} 42. Bxh5 {[%clk 0:07:16]} Kf8 {[%clk 0:02:40]} 43. Bd1 {[%clk 0:07:16]}
1/2-1/2

[Event "CECLUB Segunda División"]
[Site "Linares"]
[Date "2017.08.09"]
[Round "3"]
[White "Valles Moreno, Ivan"]
[Black "Lopez Martinez, Josep Manuel"]
[Result "0-1"]
[Board "1"]
[WhiteTitle "IM"]
[WhiteElo "2435"]
[WhiteCountry "ESP"]
[WhiteFideId "2205688"]
[WhiteEloChange "-3"]
[BlackTitle "GM"]
[BlackElo "2589"]
[BlackCountry "ESP"]
[BlackFideId "2212943"]
[BlackEloChange "3"]

1. e4 {[%clk 1:30:30]} e6 {[%clk 1:30:30]} 2. d4 {[%clk 1:30:30]} d5 {[%clk
1:30:30]} 3. Nc3 {[%clk 1:30:30]} Bb4 {[%clk 1:30:30]} 4. e5 {[%clk 1:30:30]} c5
{[%clk 1:30:30]} 5. a3 {[%clk 1:30:30]} Bxc3+ {[%clk 1:30:30]} 6. bxc3 {[%clk
1:30:30]} Nc6 {[%clk 1:30:30]} 7. Qg4 {[%clk 1:30:30]} g6 {[%clk 1:30:30]} 8. Nf3
{[%clk 1:30:30]} Qa5 {[%clk 1:30:30]} 9. Bd2 {[%clk 1:30:30]} Qa4 {[%clk
1:30:30]} 10. Qf4 {[%clk 1:30:30]} h6 {[%clk 1:30:30]} 11. dxc5 {[%clk 1:30:30]}
Qxf4 {[%clk 1:30:30]} 12. Bxf4 {[%clk 1:30:30]} Nge7 {[%clk 1:30:30]} 13. h4
{[%clk 1:30:30]} Bd7 {[%clk 1:30:30]} 14. Nd4 {[%clk 1:30:30]} a6 {[%clk
1:30:30]} 15. Rb1 {[%clk 1:30:30]} O-O-O {[%clk 1:30:30]} 16. Rb6 {[%clk
1:30:30]} Kc7 {[%clk 1:30:30]} 17. Be2 {[%clk 1:30:30]} Nc8 {[%clk 1:30:30]} 18.
Rb2 {[%clk 1:30:30]} N8a7 {[%clk 1:30:30]} 19. Kd2 {[%clk 1:30:30]} Na5 {[%clk
1:30:30]} 20. Rhb1 {[%clk 1:30:30]} Bb5 {[%clk 1:30:30]} 21. a4 {[%clk 1:30:30]}
Bxe2 {[%clk 1:30:30]} 22. Kxe2 {[%clk 1:30:30]} Rb8 {[%clk 1:30:30]} 23. Rb6
{[%clk 1:30:30]} Nc4 {[%clk 1:30:30]} 24. Kd3 {[%clk 1:30:30]} Nc8 {[%clk
1:30:30]} 25. Nxe6+ {[%clk 1:30:30]} fxe6 {[%clk 1:30:30]} 26. Rxe6 {[%clk
1:30:30]} g5 {[%clk 1:30:30]} 27. hxg5 {[%clk 1:30:30]} hxg5 {[%clk 1:30:30]} 28.
Bg3 {[%clk 1:30:30]} Rf8 {[%clk 1:30:30]} 29. Rh1 {[%clk 1:30:30]} Kd7 {[%clk
1:30:30]} 30. Rg6 {[%clk 1:30:30]} Ne7 {[%clk 1:30:30]} 31. e6+ {[%clk 1:30:30]}
Ke8 {[%clk 1:30:30]} 32. Rg7 {[%clk 1:30:30]} Nf5 {[%clk 1:30:30]} 33. Rf7 {[%clk
1:30:30]} Nb2+ {[%clk 1:30:30]} 34. Kd2 {[%clk 1:30:30]} Nxg3 {[%clk 1:30:30]}
35. Rxf8+ {[%clk 1:30:30]} Kxf8 {[%clk 1:30:30]} 36. Rh8+ {[%clk 1:30:30]} Ke7
{[%clk 1:30:30]} 37. Rxb8 {[%clk 1:30:30]} Ne4+ {[%clk 1:30:30]} 38. Ke3 {[%clk
1:30:30]} Nxc5 {[%clk 1:30:30]} 39. Kd4 {[%clk 1:30:30]} Nxe6+ {[%clk 1:30:30]}
40. Kxd5 {[%clk 1:30:30]} Nd8 {[%clk 1:30:30]} 41. Ke4 {[%clk 1:30:30]} Kd7
{[%clk 1:30:30]} 42. a5 {[%clk 1:30:30]} Nc4 {[%clk 1:30:30]} 43. Kf5 {[%clk
1:30:30]} Nxa5 {[%clk 1:30:30]} 44. Kxg5 {[%clk 1:30:30]} Kc7 {[%clk 1:30:30]}
45. Ra8 {[%clk 1:30:30]} Nc4 {[%clk 1:30:30]} 46. Kf6 {[%clk 1:30:30]} Nb6 {[%clk
1:30:30]} 47. g4 {[%clk 1:30:30]} Nxa8 {[%clk 1:30:30]} 48. g5 {[%clk 1:30:30]}
Kd7 {[%clk 1:30:30]} 49. g6 {[%clk 1:30:30]} Nc7 {[%clk 1:30:30]} 0-1

[Event "CECLUB Segunda División"]
[Site "Linares"]
[Date "2017.08.09"]
[Round "3"]
[White "Alsina Leal, Daniel"]
[Black "Perez Gonzalez, Jose Manuel"]
[Result "1-0"]
[Board "2"]
[WhiteTitle "GM"]
[WhiteElo "2507"]
[WhiteCountry "ESP"]
[WhiteFideId "2252627"]
[WhiteEloChange "2"]
[BlackTitle "FM"]
[BlackElo "2314"]
[BlackCountry "ESP"]
[BlackFideId "2229277"]
[BlackEloChange "-5"]

1. e4 {[%clk 1:30:58]} c5 {[%clk 1:30:45]} 2. Nf3 {[%clk 1:31:22]} Nc6 {[%clk
1:30:43]} 3. Bb5 {[%clk 1:31:42]} g6 {[%clk 1:30:58]} 4. Bxc6 {[%clk 1:31:49]}
dxc6 {[%clk 1:31:23]} 5. d3 {[%clk 1:31:53]} Bg7 {[%clk 1:31:34]} 6. h3 {[%clk
1:31:25]} Nf6 {[%clk 1:31:08]} 7. Nc3 {[%clk 1:31:37]} Nd7 {[%clk 1:31:19]} 8.
Be3 {[%clk 1:31:08]} e5 {[%clk 1:31:16]} 9. Qd2 {[%clk 1:31:20]} Qe7 {[%clk
1:31:23]} 10. Bh6 {[%clk 1:30:52]} f6 {[%clk 1:28:34]} 11. Bxg7 {[%clk 1:30:24]}
Qxg7 {[%clk 1:28:58]} 12. Nh2 {[%clk 1:26:06]} Nf8 {[%clk 1:28:30]} 13. f4 {[%clk
1:24:52]} exf4 {[%clk 1:28:04]} 14. Qxf4 {[%clk 1:24:08]} Ne6 {[%clk 1:28:14]}
15. Qd2 {[%clk 1:19:12]} O-O {[%clk 1:22:14]} 16. O-O {[%clk 1:17:39]} Nd4 {[%clk
1:22:09]} 17. Nd1 {[%clk 0:58:12]} Be6 {[%clk 1:19:11]} 18. Ne3 {[%clk 0:58:00]}
Rad8 {[%clk 1:17:34]} 19. Rf2 {[%clk 0:50:36]} Nb5 {[%clk 0:59:17]} 20. Raf1
{[%clk 0:42:22]} Nd6 {[%clk 0:52:14]} 21. Qc3 {[%clk 0:36:47]} f5 {[%clk
0:52:17]} 22. Qxc5 {[%clk 0:36:13]} Qxb2 {[%clk 0:52:21]} 23. exf5 {[%clk
0:30:53]} gxf5 {[%clk 0:49:05]} 24. Nf3 {[%clk 0:27:30]} Qg7 {[%clk 0:42:34]} 25.
Nd4 {[%clk 0:25:09]} b6 {[%clk 0:39:18]} 26. Nxe6 {[%clk 0:23:38]} bxc5 {[%clk
0:39:44]} 27. Nxg7 {[%clk 0:23:58]} Kxg7 {[%clk 0:40:10]} 28. Nxf5+ {[%clk
0:18:48]} Nxf5 {[%clk 0:40:13]} 29. Rxf5 {[%clk 0:19:14]} Rxf5 {[%clk 0:40:34]}
30. Rxf5 {[%clk 0:19:36]} c4 {[%clk 0:40:50]} 31. dxc4 {[%clk 0:19:29]} Rd2
{[%clk 0:41:02]} 32. Rc5 {[%clk 0:12:40]} Rxc2 {[%clk 0:41:19]} 33. a4 {[%clk
0:12:55]} a5 {[%clk 0:29:01]} 34. Kh2 {[%clk 0:13:04]} Rc3 {[%clk 0:29:14]} 35.
h4 {[%clk 0:12:33]} h6 {[%clk 0:28:38]} 36. g3 {[%clk 0:12:15]} Kh7 {[%clk
0:25:55]} 37. Kh3 {[%clk 0:12:17]} Kg7 {[%clk 0:26:16]} 38. Kg4 {[%clk 0:11:48]}
h5+ {[%clk 0:26:11]} 39. Kxh5 {[%clk 0:11:29]} Rxg3 {[%clk 0:26:29]} 40. Rg5+
{[%clk 0:11:49]} 1-0

[Event "CECLUB Segunda División"]
[Site "Linares"]
[Date "2017.08.09"]
[Round "3"]
[White "Martin Rueda, Daniel"]
[Black "Alonso Moyano, Jonathan"]
[Result "0-1"]
[Board "3"]
[WhiteTitle "FM"]
[WhiteElo "2310"]
[WhiteCountry "ESP"]
[WhiteFideId "2226847"]
[WhiteEloChange "-7"]
[BlackTitle "IM"]
[BlackElo "2404"]
[BlackCountry "ESP"]
[BlackFideId "2216019"]
[BlackEloChange "4"]

1. e4 {[%clk 1:30:05]} c5 {[%clk 1:30:48]} 2. Nc3 {[%clk 1:29:59]} Nc6 {[%clk
1:30:22]} 3. Nf3 {[%clk 1:29:47]} e5 {[%clk 1:25:52]} 4. Bc4 {[%clk 1:29:18]} Be7
{[%clk 1:25:56]} 5. d3 {[%clk 1:27:17]} d6 {[%clk 1:24:20]} 6. h3 {[%clk
0:57:29]} Nf6 {[%clk 1:22:00]} 7. O-O {[%clk 0:54:43]} O-O {[%clk 1:22:01]} 8.
Nh2 {[%clk 0:54:17]} Be6 {[%clk 1:16:06]} 9. f4 {[%clk 0:54:26]} d5 {[%clk
1:09:15]} 10. Nxd5 {[%clk 0:42:13]} Bxd5 {[%clk 1:08:24]} 11. exd5 {[%clk
0:42:13]} Nxd5 {[%clk 1:08:47]} 12. fxe5 {[%clk 0:39:47]} Nxe5 {[%clk 1:08:01]}
13. Bb3 {[%clk 0:38:24]} Nb6 {[%clk 1:01:57]} 14. Bf4 {[%clk 0:22:13]} Qd4+
{[%clk 0:54:25]} 15. Kh1 {[%clk 0:22:25]} Qxb2 {[%clk 0:54:45]} 16. Nf3 {[%clk
0:19:26]} Ng6 {[%clk 0:51:46]} 17. Rb1 {[%clk 0:19:28]} Qf6 {[%clk 0:46:19]} 18.
Bc1 {[%clk 0:19:52]} Bd6 {[%clk 0:44:28]} 19. Bb2 {[%clk 0:19:02]} Qe7 {[%clk
0:39:35]} 20. Qd2 {[%clk 0:19:19]} c4 {[%clk 0:32:28]} 21. Qc3 {[%clk 0:17:28]}
f6 {[%clk 0:32:51]} 22. Bxc4+ {[%clk 0:17:47]} Nxc4 {[%clk 0:31:22]} 23. Qxc4+
{[%clk 0:18:13]} Qf7 {[%clk 0:28:35]} 24. Qxf7+ {[%clk 0:11:09]} Rxf7 {[%clk
0:28:46]} 25. Bd4 {[%clk 0:10:04]} b6 {[%clk 0:28:18]} 26. Rfe1 {[%clk 0:07:48]}
Bg3 {[%clk 0:25:43]} 27. Re4 {[%clk 0:07:09]} Rc8 {[%clk 0:23:17]} 28. c4 {[%clk
0:02:23]} Rd7 {[%clk 0:14:53]} 29. Rb3 {[%clk 0:00:59]} f5 {[%clk 0:11:28]} 30.
Re2 {[%clk 0:00:53]} Rcd8 {[%clk 0:11:35]} 31. Bg1 {[%clk 0:00:35]} Nf4 {[%clk
0:09:36]} 32. Re5 {[%clk 0:00:55]} Rxd3 {[%clk 0:07:40]} 33. Rxd3 {[%clk
0:01:14]} Rxd3 {[%clk 0:06:57]} 34. Rxf5 {[%clk 0:00:38]} Rd1 {[%clk 0:06:41]}
35. Rg5 {[%clk 0:00:32]} Ne2 {[%clk 0:06:42]} 36. Rd5 {[%clk 0:00:42]} Rf1 {[%clk
0:05:58]} 37. Rd8+ {[%clk 0:00:43]} Kf7 {[%clk 0:06:22]} 38. Rd7+ {[%clk
0:00:36]} Kf8 {[%clk 0:05:46]} 39. Rxa7 {[%clk 0:00:35]} Nxg1 {[%clk 0:05:45]}
40. Nxg1 {[%clk 0:00:45]} Bf2 {[%clk 0:06:10]} 41. Kh2 {[%clk 0:00:31]} Bxg1+
{[%clk 0:06:23]} 0-1

[Event "CECLUB Segunda División"]
[Site "Linares"]
[Date "2017.08.09"]
[Round "3"]
[White "Perez Manas, Benjamin"]
[Black "Paredes Sanchez, Juan"]
[Result "1-0"]
[Board "4"]
[WhiteTitle "FM"]
[WhiteElo "2333"]
[WhiteCountry "ESP"]
[WhiteFideId "22200169"]
[WhiteEloChange "6"]
[BlackElo "2169"]
[BlackCountry "ESP"]
[BlackFideId "2253500"]
[BlackEloChange "-6"]

1. e4 {[%clk 1:30:53]} c5 {[%clk 1:29:26]} 2. Nf3 {[%clk 1:31:14]} d6 {[%clk
1:29:39]} 3. d4 {[%clk 1:31:08]} cxd4 {[%clk 1:29:50]} 4. Nxd4 {[%clk 1:31:31]}
Nf6 {[%clk 1:30:08]} 5. Nc3 {[%clk 1:31:45]} g6 {[%clk 1:30:15]} 6. Be3 {[%clk
1:31:46]} Nc6 {[%clk 1:30:23]} 7. f3 {[%clk 1:31:27]} e5 {[%clk 1:30:34]} 8. Nb3
{[%clk 1:28:05]} Be6 {[%clk 1:30:40]} 9. Qd2 {[%clk 1:23:21]} d5 {[%clk 1:29:36]}
10. exd5 {[%clk 1:22:49]} Nxd5 {[%clk 1:30:04]} 11. Bg5 {[%clk 1:17:12]} f6
{[%clk 0:59:56]} 12. Nxd5 {[%clk 1:14:38]} fxg5 {[%clk 0:54:21]} 13. O-O-O {[%clk
1:14:17]} Bg7 {[%clk 0:53:47]} 14. Bc4 {[%clk 1:13:40]} O-O {[%clk 0:51:02]} 15.
Ne3 {[%clk 1:01:52]} Bxc4 {[%clk 0:49:01]} 16. Qxd8 {[%clk 1:01:36]} Rfxd8 {[%clk
0:46:35]} 17. Nxc4 {[%clk 1:01:54]} Nd4 {[%clk 0:46:02]} 18. Rhe1 {[%clk
0:58:28]} Rdc8 {[%clk 0:32:40]} 19. Nxd4 {[%clk 0:52:47]} exd4 {[%clk 0:19:46]}
20. Nd6 {[%clk 0:50:56]} Rc7 {[%clk 0:15:00]} 21. Re8+ {[%clk 0:46:20]} Rxe8
{[%clk 0:15:16]} 22. Nxe8 {[%clk 0:46:45]} Re7 {[%clk 0:13:11]} 23. Nxg7 {[%clk
0:47:06]} Kxg7 {[%clk 0:13:16]} 24. Rxd4 {[%clk 0:43:01]} Re2 {[%clk 0:13:18]}
25. Rd7+ {[%clk 0:43:05]} Kf6 {[%clk 0:07:45]} 26. Rxh7 {[%clk 0:41:59]} Rxg2
{[%clk 0:06:54]} 27. Rxb7 {[%clk 0:39:55]} Rxh2 {[%clk 0:07:21]} 28. c4 {[%clk
0:37:54]} Rh4 {[%clk 0:06:12]} 29. Kd2 {[%clk 0:30:20]} Rxc4 {[%clk 0:06:16]} 30.
Rxa7 {[%clk 0:30:45]} g4 {[%clk 0:05:10]} 31. fxg4 {[%clk 0:29:19]} Rxg4 {[%clk
0:05:38]} 32. Ke3 {[%clk 0:24:57]} Rg3+ {[%clk 0:02:04]} 33. Kf4 {[%clk 0:23:23]}
Rg2 {[%clk 0:02:21]} 34. Ra6+ {[%clk 0:23:48]} Ke7 {[%clk 0:01:22]} 35. Rb6
{[%clk 0:24:08]} Kd7 {[%clk 0:01:23]} 36. a4 {[%clk 0:23:56]} Kc7 {[%clk
0:01:15]} 37. a5 {[%clk 0:23:14]} g5+ {[%clk 0:00:59]} 38. Kf5 {[%clk 0:22:16]}
1-0

[Event "CECLUB Segunda División"]
[Site "Linares"]
[Date "2017.08.09"]
[Round "3"]
[White "Fernandez Barrera, Victor"]
[Black "Dvirnyy, Danyyil"]
[Result "1/2-1/2"]
[Board "1"]
[WhiteTitle "FM"]
[WhiteElo "2302"]
[WhiteCountry "ESP"]
[WhiteFideId "2261529"]
[WhiteEloChange "6"]
[BlackTitle "GM"]
[BlackElo "2558"]
[BlackCountry "ITA"]
[BlackFideId "817570"]
[BlackEloChange "-3"]

1. e4 {[%clk 1:30:59]} e6 {[%clk 1:30:53]} 2. d4 {[%clk 1:31:22]} d5 {[%clk
1:31:18]} 3. Nd2 {[%clk 1:31:21]} c5 {[%clk 1:31:42]} 4. exd5 {[%clk 1:30:51]}
Qxd5 {[%clk 1:32:07]} 5. Ngf3 {[%clk 1:29:29]} cxd4 {[%clk 1:32:31]} 6. Bc4
{[%clk 1:29:44]} Qd7 {[%clk 1:32:56]} 7. Nb3 {[%clk 1:26:34]} Bb4+ {[%clk
1:20:51]} 8. Bd2 {[%clk 1:26:35]} Bxd2+ {[%clk 1:21:13]} 9. Qxd2 {[%clk 1:26:50]}
Nf6 {[%clk 1:21:33]} 10. Nbxd4 {[%clk 1:26:08]} a6 {[%clk 1:20:24]} 11. O-O-O
{[%clk 1:24:53]} O-O {[%clk 1:15:43]} 12. Ne5 {[%clk 1:19:08]} Qc7 {[%clk
1:15:27]} 13. Qe2 {[%clk 1:19:00]} Nbd7 {[%clk 1:10:49]} 14. Nxf7 {[%clk
0:51:19]} Rxf7 {[%clk 0:56:29]} 15. Nxe6 {[%clk 0:47:52]} Qa5 {[%clk 0:56:03]}
16. f4 {[%clk 0:45:12]} Re7 {[%clk 0:48:19]} 17. Nxg7+ {[%clk 0:39:19]} Kf8
{[%clk 0:47:31]} 18. Ne6+ {[%clk 0:39:38]} Kg8 {[%clk 0:47:48]} 19. Nc7+ {[%clk
0:28:58]} Kf8 {[%clk 0:48:13]} 20. Ne6+ {[%clk 0:27:48]} Kg8 {[%clk 0:48:37]} 21.
Nc7+ {[%clk 0:24:02]} Kf8 {[%clk 0:49:01]} 22. Ne6+ {[%clk 0:23:57]} Kg8 {[%clk
0:49:01]} 1/2-1/2

[Event "CECLUB Segunda División"]
[Site "Linares"]
[Date "2017.08.09"]
[Round "3"]
[White "Vega Gutierrez, Sabrina"]
[Black "Buendia Pinar, Alvaro"]
[Result "1-0"]
[Board "2"]
[WhiteTitle "IM"]
[WhiteElo "2369"]
[WhiteCountry "ESP"]
[WhiteFideId "2219026"]
[WhiteEloChange "8"]
[BlackTitle "FM"]
[BlackElo "2307"]
[BlackCountry "ESP"]
[BlackFideId "2281937"]
[BlackEloChange "-8"]

1. e4 {[%clk 1:30:54]} c5 {[%clk 1:30:26]} 2. Nf3 {[%clk 1:31:14]} d6 {[%clk
1:30:18]} 3. d4 {[%clk 1:30:48]} Nf6 {[%clk 1:29:55]} 4. Nc3 {[%clk 1:30:27]}
cxd4 {[%clk 1:29:42]} 5. Nxd4 {[%clk 1:30:50]} Nc6 {[%clk 1:29:17]} 6. Be2 {[%clk
1:25:40]} e6 {[%clk 1:27:53]} 7. O-O {[%clk 1:25:58]} Be7 {[%clk 1:26:40]} 8. Be3
{[%clk 1:25:59]} O-O {[%clk 1:25:42]} 9. f4 {[%clk 1:25:53]} a6 {[%clk 1:24:50]}
10. Kh1 {[%clk 1:26:06]} Qc7 {[%clk 1:23:35]} 11. Qe1 {[%clk 1:26:17]} Re8 {[%clk
1:12:10]} 12. Qg3 {[%clk 1:24:28]} Kh8 {[%clk 0:54:58]} 13. Nxc6 {[%clk 1:13:54]}
bxc6 {[%clk 0:55:08]} 14. e5 {[%clk 1:12:18]} Nd5 {[%clk 0:48:59]} 15. Bd4 {[%clk
1:10:56]} Rg8 {[%clk 0:47:46]} 16. Bd3 {[%clk 1:08:07]} Qd8 {[%clk 0:25:25]} 17.
exd6 {[%clk 0:44:38]} Bf6 {[%clk 0:25:08]} 18. Be5 {[%clk 0:39:53]} Nxc3 {[%clk
0:18:56]} 19. bxc3 {[%clk 0:39:58]} h6 {[%clk 0:18:12]} 20. Qf3 {[%clk 0:37:27]}
Bd7 {[%clk 0:15:35]} 21. Qe4 {[%clk 0:37:45]} g6 {[%clk 0:16:00]} 22. Rab1 {[%clk
0:37:51]} Kh7 {[%clk 0:14:20]} 23. Rb7 {[%clk 0:37:28]} Bg7 {[%clk 0:14:04]} 24.
Rfb1 {[%clk 0:35:33]} Bf8 {[%clk 0:08:12]} 25. Qd4 {[%clk 0:33:56]} Bg7 {[%clk
0:05:41]} 26. Bxg7 {[%clk 0:32:02]} Rxg7 {[%clk 0:06:06]} 27. Qb6 {[%clk
0:30:28]} Qe8 {[%clk 0:05:17]} 28. Qc7 {[%clk 0:29:49]} f5 {[%clk 0:05:02]} 29.
Rb8 {[%clk 0:28:48]} Rxb8 {[%clk 0:05:29]} 30. Rxb8 {[%clk 0:29:10]} Qf7 {[%clk
0:05:56]} 31. Qd8 {[%clk 0:21:59]} g5 {[%clk 0:06:19]} 32. Qh8+ {[%clk 0:20:07]}
Kg6 {[%clk 0:06:41]} 33. Rf8 {[%clk 0:20:07]} 1-0

[Event "CECLUB Segunda División"]
[Site "Linares"]
[Date "2017.08.09"]
[Round "3"]
[White "Jimenez Martinez, Jose Vicente"]
[Black "Bressac, Stephane"]
[Result "0-1"]
[Board "3"]
[WhiteTitle "FM"]
[WhiteElo "2222"]
[WhiteCountry "ESP"]
[WhiteFideId "2264021"]
[WhiteEloChange "-6"]
[BlackTitle "FM"]
[BlackElo "2365"]
[BlackCountry "FRA"]
[BlackFideId "655945"]
[BlackEloChange "6"]

1. d4 {[%clk 1:30:54]} d6 {[%clk 1:30:50]} 2. c4 {[%clk 1:30:09]} e5 {[%clk
1:31:15]} 3. Nf3 {[%clk 1:24:07]} e4 {[%clk 1:31:39]} 4. Ng5 {[%clk 1:24:24]} f5
{[%clk 1:32:05]} 5. g3 {[%clk 1:23:04]} Be7 {[%clk 1:31:28]} 6. Nh3 {[%clk
1:23:19]} Nf6 {[%clk 1:31:38]} 7. Bg2 {[%clk 1:23:38]} O-O {[%clk 1:31:32]} 8.
O-O {[%clk 1:23:59]} c6 {[%clk 1:28:07]} 9. d5 {[%clk 1:18:04]} c5 {[%clk
1:27:05]} 10. f3 {[%clk 1:16:12]} exf3 {[%clk 1:26:43]} 11. exf3 {[%clk 1:16:27]}
Nbd7 {[%clk 1:26:20]} 12. f4 {[%clk 1:09:32]} Ng4 {[%clk 1:22:37]} 13. Nf2 {[%clk
1:07:19]} Nxf2 {[%clk 1:21:25]} 14. Rxf2 {[%clk 1:07:21]} Bf6 {[%clk 1:21:50]}
15. Re2 {[%clk 1:02:03]} b5 {[%clk 1:22:08]} 16. a4 {[%clk 0:58:32]} bxc4 {[%clk
1:20:20]} 17. Qc2 {[%clk 0:57:31]} Re8 {[%clk 1:12:59]} 18. Nc3 {[%clk 0:51:51]}
a5 {[%clk 1:05:17]} 19. Nb5 {[%clk 0:38:38]} Rxe2 {[%clk 1:04:03]} 20. Qxe2
{[%clk 0:39:07]} Nb6 {[%clk 1:04:17]} 21. Ra3 {[%clk 0:37:18]} g6 {[%clk
0:58:04]} 22. h3 {[%clk 0:34:26]} Kh8 {[%clk 0:50:19]} 23. g4 {[%clk 0:30:33]}
fxg4 {[%clk 0:49:34]} 24. hxg4 {[%clk 0:30:58]} Ba6 {[%clk 0:49:56]} 25. g5
{[%clk 0:23:40]} Bg7 {[%clk 0:49:58]} 26. f5 {[%clk 0:21:07]} gxf5 {[%clk
0:48:49]} 27. Rh3 {[%clk 0:20:12]} Bxb5 {[%clk 0:44:27]} 28. Qh5 {[%clk 0:18:00]}
Bd4+ {[%clk 0:38:48]} 29. Kf1 {[%clk 0:17:21]} Qe7 {[%clk 0:35:49]} 30. axb5
{[%clk 0:15:41]} Nd7 {[%clk 0:28:27]} 31. Qg6 {[%clk 0:11:58]} Nf8 {[%clk
0:19:56]} 32. Qh5 {[%clk 0:09:20]} Qg7 {[%clk 0:19:10]} 33. Qe2 {[%clk 0:07:58]}
Ng6 {[%clk 0:18:46]} 34. Qxc4 {[%clk 0:07:59]} Re8 {[%clk 0:19:01]} 35. b6 {[%clk
0:03:20]} Qe5 {[%clk 0:19:07]} 36. Bd2 {[%clk 0:03:47]} Nf4 {[%clk 0:19:26]} 37.
Rf3 {[%clk 0:04:16]} Ne2 {[%clk 0:13:50]} 38. Ke1 {[%clk 0:03:44]} Nc3+ {[%clk
0:10:46]} 39. Be3 {[%clk 0:00:34]} Bxe3 {[%clk 0:10:44]} 40. bxc3 {[%clk
0:01:02]} Bxg5+ {[%clk 0:09:56]} 41. Kd1 {[%clk 0:01:00]} Qe1+ {[%clk 0:10:21]}
42. Kc2 {[%clk 0:01:17]} Re2+ {[%clk 0:10:25]} 43. Kb3 {[%clk 0:01:43]} Qb1+
{[%clk 0:10:40]} 44. Ka4 {[%clk 0:02:10]} Ra2+ {[%clk 0:10:04]} 45. Qxa2 {[%clk
0:02:36]} Qxa2+ {[%clk 0:10:32]} 46. Kb5 {[%clk 0:02:59]} Qb3+ {[%clk 0:10:16]}
47. Kc6 {[%clk 0:03:25]} Bd8 {[%clk 0:10:41]} 0-1

[Event "CECLUB Segunda División"]
[Site "Linares"]
[Date "2017.08.09"]
[Round "3"]
[White "Gutierrez Olivares, Daniel"]
[Black "Lara Granero, Bio"]
[Result "1-0"]
[Board "4"]
[WhiteTitle "FM"]
[WhiteElo "2349"]
[WhiteCountry "ESP"]
[WhiteFideId "2264005"]
[WhiteEloChange "3"]
[BlackElo "2063"]
[BlackCountry "ESP"]
[BlackFideId "2278286"]
[BlackEloChange "-3"]

1. c4 {[%clk 1:30:37]} b6 {[%clk 1:30:49]} 2. Nc3 {[%clk 1:29:57]} Bb7 {[%clk
1:31:15]} 3. e4 {[%clk 1:29:11]} e5 {[%clk 1:31:24]} 4. Nf3 {[%clk 1:27:18]} Nc6
{[%clk 1:30:44]} 5. d4 {[%clk 1:21:20]} exd4 {[%clk 1:26:42]} 6. Nxd4 {[%clk
1:21:43]} Bb4 {[%clk 1:24:45]} 7. Be2 {[%clk 1:13:15]} Qf6 {[%clk 1:19:00]} 8.
Nb5 {[%clk 1:09:13]} O-O-O {[%clk 1:12:52]} 9. O-O {[%clk 1:08:23]} Bxc3 {[%clk
1:11:46]} 10. Nxc3 {[%clk 1:07:54]} Nge7 {[%clk 1:10:43]} 11. Be3 {[%clk
1:05:11]} d6 {[%clk 1:09:01]} 12. Nd5 {[%clk 0:48:57]} Qxb2 {[%clk 0:59:23]} 13.
Rb1 {[%clk 0:36:09]} Qe5 {[%clk 0:52:21]} 14. Bf4 {[%clk 0:29:44]} Qxe4 {[%clk
0:50:25]} 15. Re1 {[%clk 0:28:35]} Kb8 {[%clk 0:45:39]} 16. Bd3 {[%clk 0:23:39]}
Qd4 {[%clk 0:44:35]} 17. Re4 {[%clk 0:22:37]} Qc5 {[%clk 0:44:42]} 18. Nxe7
{[%clk 0:20:33]} d5 {[%clk 0:43:35]} 19. Nxd5 {[%clk 0:19:29]} Rd7 {[%clk
0:41:11]} 20. Qg4 {[%clk 0:17:06]} Rhd8 {[%clk 0:40:00]} 21. Qg3 {[%clk 0:14:47]}
Na5 {[%clk 0:39:12]} 22. Rb5 {[%clk 0:10:53]} Qc6 {[%clk 0:34:47]} 23. Bf1 {[%clk
0:10:19]} f5 {[%clk 0:32:31]} 24. Bxc7+ {[%clk 0:09:49]} Rxc7 {[%clk 0:32:13]}
25. Re6 {[%clk 0:09:56]} Qd7 {[%clk 0:30:41]} 26. Re7 {[%clk 0:08:41]} Qd6 {[%clk
0:29:49]} 27. Qxd6 {[%clk 0:08:41]} Rxd6 {[%clk 0:30:18]} 28. Nxc7 {[%clk
0:09:02]} Rd1 {[%clk 0:29:56]} 29. Rxf5 {[%clk 0:09:00]} Nc6 {[%clk 0:29:22]} 30.
Rf8+ {[%clk 0:09:17]} Nd8 {[%clk 0:29:31]} 31. Ne6 {[%clk 0:09:24]} 1-0